La Equidad de género: el desafío estratégico del desarrollo rural sostenible /

Guardado en:
书目详细资料
主要作者: Brenes Solórzano, Irene
格式: Texto
主题:
标签: 添加标签
没有标签, 成为第一个标记此记录!

MARC

LEADER 00000 a a2200000 04500
001 2606
003
040
100 |a Brenes Solórzano, Irene  
245 |a La Equidad de género:   |b el desafío estratégico del desarrollo rural sostenible /  |c Irene Brenes Solórzano 
650 |a DESARROLLO RURAL  
650 |a DISCRIMINACION BASADA EN EL SEXO  
650 |a MUJERES  
650 |a DESIGUALDAD SOCIAL  
650 |a INVESTIGACION  
650 |a GENERO  
650 |a CONTROL SOCIAL  
650 |a ROL DE LA MUJER  
773 |g volumen 7, número 10; páginas 24-37  
999 |c 23449  |d 23449